000 00491nam a2200217Ia 4500
005 20251020182556.0
008 200515s9999 xx 000 0 und d
082 _aR/985.85/B24
100 _aBASADRE, Jorge
245 0 _aHistoria de la República del Perú 1822 - 1833
250 _a8a ed.
260 _aLima
260 _cs.a.
300 _as.n.
650 _aEPOCA REPUBLICANA
650 _aHISTORIA
650 _aLIB
650 _aPERU
650 _aREPUBLICA
942 _cLIB
999 _c2899
_d2899